000 01490nam a22002057a 4500
999 _c58870
_d58870
003 Ge_BSU
005 20221012111350.0
008 221012s2014 ge ||||| |||| 00| 0 geo d
041 _ageo
080 _a908(73)(063) ს-12
245 _aსაერთაშორისო კონფერენცია ამერიკისმცოდნეობაში VII :
_bენა, ლიტერატურა, კულტურა, ხელოვნება, ფილოსოფია, თარგმანი, ქართულ-ამერიკული ურთიერთობები, პოლიტიკა, ისტორია, ეკონომიკა, განათლება და საზოგადოება /
_cმთ. რედ. ირაკლი ცხვედიანი.
264 _aქუთაისი
_b აკ. წერეთლის სახელმწ. უნ-ტის გამ-ბა და სტ.,
_c2014.
300 _a456 გვ. ;
_b20 სმ.
504 _aბიბლიოგრ. მოხსენებების ბოლოს.
520 _aმოხსენებების ნაწილი და რეზიუმე ინგლ. ენაზე.
653 _aამერიკათმცოდნეობა
653 _aკონფერენციები
700 _aცხვედიანი, ირაკლი
_eრედაქტორი
_915259
942 _2udc
_cBK